Soviet perceptions of economic conditions during the period of stagnation: evidence from two diverse emigrant surveys.

Výskum mienky sovietskych emigrantov v USA a SRN na začiatku 80. rokov o ekonomickej situácii v ZSSR do doby ich emigrácie, t.j. zhruba v 2. polovici 70. rokov. Ekonomická a sociálna štruktúra utečencov pred emigráciou - zárobky, pracovné príležitosti, produktivita práce, životná úroveň, ceny a mzdy...

ver descrição completa

Na minha lista:
Detalhes bibliográficos
Autor principal: Gregory, P.R
Outros Autores: Dietz, B.
Formato: Capítulo de Livro
Idioma:inglês
Assuntos:
Tags: Adicionar Tag
Sem tags, seja o primeiro a adicionar uma tag!

MARC

LEADER 00000naa a2200000 4500
001 r004559
005 20221213085318.4
041 0 |a eng 
044 |a GB 
245 1 0 |a Soviet perceptions of economic conditions during the period of stagnation: evidence from two diverse emigrant surveys.  |c P.R. Gregory, B. Dietz 
520 |a Výskum mienky sovietskych emigrantov v USA a SRN na začiatku 80. rokov o ekonomickej situácii v ZSSR do doby ich emigrácie, t.j. zhruba v 2. polovici 70. rokov. Ekonomická a sociálna štruktúra utečencov pred emigráciou - zárobky, pracovné príležitosti, produktivita práce, životná úroveň, ceny a mzdy, politická angažovanosť. Závery pre perestrojku. 
610 2 0 |a emigrácia 
610 2 0 |a hospodárstvo národné 
610 2 0 |a ZSSR 
610 2 0 |a USA 
610 2 0 |a Nemecko 
610 2 0 |a výskum sociologický 
610 2 0 |a výskum ekonomický 
610 2 0 |a politika vnútorná 
610 2 0 |a úroveň životná 
610 2 0 |a podnety ekonomické 
100 1 |a Gregory, P.R. 
700 1 |a Dietz, B.